| 000 | 00855cam a2200229 4500 | ||
|---|---|---|---|
| 001 | ABS61330 | ||
| 008 | 000000n1999 000 0 eng u | ||
| 035 | _a(Sirsi) u101050 | ||
| 100 | _aHartless, R. | ||
| 245 | _aRegulatory changes - what impact? | ||
| 260 | _c1999 | ||
| 490 |
_aBuilding Services Journal _v October 1999, 53-54(2) |
||
| 520 | _aChanges to the Building Regulations must be supported by a Regulatory Impact Assessment which means carrying out investment appraisal, assessing risks, and putting a value on life and injuries. Article explains the impact assessment procedure. | ||
| 590 | _aABS | ||
| 650 |
_aBUILDING REGULATIONS _96224 |
||
| 650 | _aREGULATORY IMPACT ASSESSMENT | ||
| 650 | _aINVESTMENT APPRAISAL | ||
| 650 | _aRISKS | ||
| 690 | _aBUILDING AND CONSTRUCTION-REGULATIONS | ||
| 700 | _aBromley, K. | ||
| 942 | _n0 | ||
| 999 |
_c60293 _d60293 |
||